00479nam a2200181Ii 450000100060000000300090000600800410001504000330005604100080008908200120009710000190010924500140012826400620014230000120020433600260021633700280024233800270027011387CO-ViMGA241108s9999||||xx |||||||||||||| ||und|| aCO-ViMGAbspaerdacCO-ViMGA0 aunk04aP869-Q31 aEca de Queiroz10aLos Maias 1a[Lugar de publicación no identificado] : Bruguera, 1972 avolumen atextbtxt2rdacontent aunmediatedbn2rdamedia avolumebnc2rdacarrier